00699nam a2200205Ia 450000500170000000800410001702000180005804000180007604100080009408200230010210000190012524501010014425000120024526000570025730000310031465000420034565000350038765000500042270000210047220230214144525.0210716s2002 xx 000 0 und d a9788120321496 cAIMIT LIBRARY aeng a658.1599 21bCLIR aClick, Reid W. aTheory and practice of international financial management /cBy Reid W Click and Joshua D Coval. a1st ed. aNew Delhi :bPrentice Hall of India PVt Ltd ,c2002. axxii,438p. ;bPBc23.5 cm. aInternational macroeconomics concepts aManaging foreign exchange risk aManaging international taxation and political aCoval, Joshua D.